000 00992cam a22002531i 4500
003 SA_RiAUC
005 20241230074854.0
008 241227s2010____su f i000 0 ara c
040 _aJO-IrCEJ
_bara
_cSA-RiAUC
_erda
082 0 4 _a811.09009
090 _a811.09009
_bم ح ج
100 1 _aمحجوب، حسن محمد حسن
_eمؤلف.
245 1 2 _aالأثر التعليمي لفن الرجز /
_cحسن محمد حسن محجوب.
264 1 _aمكة المكرمة :
_bرابطة العالم الإسلامي، الإدارة العامة للإعلام والثقافة،
_c2010
300 _a198 صفحة.
336 _aنص
_btxt
_2rdacontent
_3كتاب
337 _aبدون وسيط
_bn
_2rdamedia
338 _aمجلد
_bnc
_2rdacarrier
490 0 _aدعوة الحق ؛
_v241
500 _aيشتمل على ملاحق.
650 7 _aالشعر العربي الحر
_xتاريخ ونقد
_2aucsh
942 _2ddc
_cBOOK
_n0
949 _aSA-JeALM
_d241227
_umohamedma123
_n1
999 _c4095
_d4095